[Event "Varennes"]
[Site "Varennes CAN"]
[Date "2016.10.08"]
[Round "3.7"]
[White "Ouellet, Maili-Jade"]
[Black "Sambuev, Bator"]
[Result "0-1"]
[WhiteElo "1929"]
[BlackElo "2598"]
[PlyCount "102"]
[EventDate "2016.10.07"]
[EventType "swiss"]
[EventRounds "5"]
[EventCountry "CAN"]

1. d4 Nf6 2. c4 e6 3. Nc3 Bb4 4. Qc2 c5 5. dxc5 O-O 6. a3 Bxc5 7. Nf3 b6 8. Bg5
Bb7 9. e4 h6 10. Bh4 Be7 11. Rd1 Nh5 12. Bxe7 Qxe7 13. g3 f5 14. Bg2 fxe4 15.
Nxe4 d5 16. Ned2 dxc4 17. Qxc4 Ba6 18. Qh4 Qf7 19. Nc4 g5 20. Qe4 Bb7 21. Qd3
Bxf3 22. Ne5 Qf6 23. Qxf3 Qxe5+ 24. Qe2 Qxe2+ 25. Kxe2 Na6 26. Bxa8 Rxa8 27.
Rd6 Ng7 28. Rhd1 Nc7 29. Rd8+ Rxd8 30. Rxd8+ Nge8 31. Rd7 a5 32. h3 Nd5 33. Kd3
Nef6 34. Rb7 e5 35. Kc4 h5 36. Kd3 h4 37. Kc4 hxg3 38. fxg3 e4 39. Kd4 e3 40.
Kd3 Kf8 41. Ke2 Ne4 42. Kf3 Nc5 43. Rb8+ Ke7 44. Rg8 Ne6 45. Ke2 Nd4+ 46. Ke1
Kf6 47. Rd8 Ke5 48. Re8+ Kf5 49. Kf1 a4 50. Ke1 Nc7 51. Re7 Nce6 0-1

[Event "Varennes"]
[Site "Varennes CAN"]
[Date "2016.10.09"]
[Round "5.3"]
[White "Zhu, Hong Rui"]
[Black "Sambuev, Bator"]
[Result "0-1"]
[WhiteElo "2303"]
[BlackElo "2589"]
[PlyCount "68"]
[EventDate "2016.10.07"]
[EventType "swiss"]
[EventRounds "5"]
[EventCountry "CAN"]

1. e4 e5 2. Nf3 d6 3. d4 Nf6 4. Nc3 Nbd7 5. Bc4 Be7 6. O-O O-O 7. Re1 c6 8. a4
a5 9. h3 Re8 10. Ng5 Rf8 11. Nf3 h6 12. Be3 Re8 13. Qb1 exd4 14. Bxd4 Nf8 15.
Qa2 Be6 16. Rad1 Nh5 17. Re3 Qc8 18. Ne2 Bxc4 19. Qxc4 Ng6 20. Bc3 Bf8 21. Qb3
Nhf4 22. Nxf4 Nxf4 23. Nd2 d5 24. Rf3 Qc7 25. exd5 Nxd5 26. Bd4 Rad8 27. Nf1
Nf4 28. Bb6 Ne2+ 29. Kh1 Qxb6 30. Qxb6 Rxd1 31. Re3 Rxf1+ 32. Kh2 Bd6+ 33. g3
Rxf2+ 34. Kh1 Rxe3 0-1

[Event "RA Fall op"]
[Site "Ottawa CAN"]
[Date "2016.09.21"]
[Round "1"]
[White "Sambuev, Bator"]
[Black "Doubleday, William"]
[Result "1-0"]
[WhiteElo "2599"]
[BlackElo "2028"]
[PlyCount "59"]
[EventDate "2016.09.21"]
[EventType "swiss"]
[EventRounds "5"]
[EventCountry "CAN"]

1. d4 d5 2. Nf3 Nf6 3. e3 c5 4. c4 e6 5. Nc3 Nc6 6. a3 a6 7. cxd5 exd5 8. Be2
Be7 9. dxc5 Bxc5 10. b4 Ba7 11. O-O O-O 12. Bb2 d4 13. exd4 Nxd4 14. Nxd4 Qxd4
15. Bf3 Rb8 16. Qc1 Qd3 17. Rd1 Qg6 18. Nd5 Nxd5 19. Rxd5 h6 20. Bh5 Qc6 21.
Qd2 Be6 22. Rd3 Bf5 23. Rc1 Qe4 24. Rg3 Bg6 25. Qc3 Bd4 26. Qxd4 Qxd4 27. Bxd4
Rbd8 28. Bxg6 Rxd4 29. Bh5 Re8 30. Re3 1-0

[Event "RA Fall op"]
[Site "Ottawa CAN"]
[Date "2016.09.22"]
[Round "2"]
[White "Valdizon, Armando"]
[Black "Sambuev, Bator"]
[Result "0-1"]
[WhiteElo "2102"]
[BlackElo "2599"]
[PlyCount "118"]
[EventDate "2016.09.21"]
[EventType "swiss"]
[EventRounds "5"]
[EventCountry "CAN"]

1. d4 e6 2. c4 Bb4+ 3. Bd2 a5 4. Nf3 d6 5. g3 Qe7 6. Bg2 e5 7. a3 Bxd2+ 8. Qxd2
Nf6 9. Nc3 O-O 10. O-O Bg4 11. h3 Bxf3 12. Bxf3 c6 13. d5 c5 14. e4 Nbd7 15.
Rae1 g6 16. Bd1 Ne8 17. f4 f5 18. exf5 gxf5 19. Ba4 Nb6 20. Bb3 a4 21. Ba2 Qg7
22. Re2 e4 23. Nd1 Qd4+ 24. Ne3 Ng7 25. Kh2 h5 26. Qe1 Kf7 27. Rd2 Qf6 28. Bb1
Rh8 29. Rff2 Qg6 30. Rg2 Ne8 31. Bc2 Nf6 32. Qd1 Ke7 33. Rdf2 Kd7 34. Kg1 Kc7
35. Kf1 Rhg8 36. Ke1 Qh7 37. Qe2 Qd7 38. Kd1 Rg6 39. Kc1 Rag8 40. Kb1 Rxg3 41.
Rxg3 Rxg3 42. Rg2 Qg7 43. Rxg3 Qxg3 44. Nxf5 Qxh3 45. Ng7 Qf3 46. Ne6+ Kb8 47.
Qxf3 exf3 48. Bd3 Ng4 49. Ng5 f2 50. Nh3 Kc7 51. Kc1 Nxc4 52. Bxc4 Ne3 53. Be2
f1=Q+ 54. Bxf1 Nxf1 55. f5 Kd7 56. Nf4 h4 57. f6 Ke8 58. Kd1 Ne3+ 59. Kd2 Nxd5
0-1

[Event "RA Fall op"]
[Site "Ottawa CAN"]
[Date "2016.09.22"]
[Round "3"]
[White "Sambuev, Bator"]
[Black "Gordon, David"]
[Result "0-1"]
[WhiteElo "2599"]
[BlackElo "2237"]
[PlyCount "122"]
[EventDate "2016.09.21"]
[EventType "swiss"]
[EventRounds "5"]
[EventCountry "CAN"]

1. e4 d5 2. exd5 Nf6 3. c4 c6 4. d4 cxd5 5. Nc3 g6 6. Nf3 Bg7 7. Be2 dxc4 8.
Bxc4 O-O 9. O-O Bg4 10. Re1 Nbd7 11. Bb3 Nb6 12. Bg5 Rc8 13. h3 Bxf3 14. Qxf3
Qd7 15. Re2 h6 16. Bf4 Rfd8 17. Rae1 Nbd5 18. Be5 e6 19. Bxf6 Nxf6 20. Rxe6 Re8
21. R6e5 a6 22. a4 b5 23. axb5 axb5 24. R1e3 Rb8 25. Nd5 Nxd5 26. Qxd5 Red8 27.
Re8+ Qxe8 28. Rxe8+ Rxe8 29. Qxf7+ Kh7 30. Bc2 Re1+ 31. Kh2 Rb6 32. f3 Re2 33.
Qc7 Rf6 34. h4 h5 35. b4 Kh6 36. Qc5 Bf8 37. Qg5+ Kg7 38. Be4 Bd6+ 39. Kg1 Re1+
40. Kf2 Rxe4 41. Qd5 Rxh4 42. Ke3 Bxb4 43. Qxb5 Bf8 44. Qe5 Rhf4 45. Qc7+ Rf7
46. Qe5+ R4f6 47. Kd3 Kh7 48. Qd5 Bg7 49. Qd8 Rf4 50. d5 R7f5 51. g4 Rxf3+ 52.
Ke2 Rf2+ 53. Kd3 R5f3+ 54. Ke4 Rf4+ 55. Ke3 Bd4+ 56. Kd3 Rxg4 57. d6 Rf3+ 58.
Ke2 Re3+ 59. Kd2 Rg2+ 60. Kd1 Rd3+ 61. Ke1 Bg7 0-1

[Event "RA Fall op"]
[Site "Ottawa CAN"]
[Date "2016.09.25"]
[Round "5"]
[White "Sambuev, Bator"]
[Black "Pacey, Kevin"]
[Result "1-0"]
[WhiteElo "2599"]
[BlackElo "2161"]
[PlyCount "85"]
[EventDate "2016.09.21"]
[EventType "swiss"]
[EventRounds "5"]
[EventCountry "CAN"]

1. d4 Nf6 2. Nf3 g6 3. Bg5 Bg7 4. Nbd2 d5 5. e3 Nbd7 6. Be2 O-O 7. O-O c6 8. c4
Nb6 9. cxd5 cxd5 10. h3 Bd7 11. Qb3 Ba4 12. Qa3 Qd6 13. Qxd6 exd6 14. Bf4 Rfd8
15. Rfc1 Bc6 16. Ne1 Ne8 17. b3 Rdc8 18. a4 a5 19. Nc2 Bf8 20. Na3 Nc7 21. Ndb1
Bd7 22. Nc3 f6 23. Nab5 Ne8 24. Kf1 Kf7 25. Ke1 Ke6 26. Kd2 Be7 27. g4 Nc7 28.
Nxc7+ Rxc7 29. Nb5 Rxc1 30. Rxc1 Rc8 31. Nc3 Bc6 32. Bd3 Kd7 33. h4 Rg8 34. h5
Ke6 35. Rh1 Kf7 36. hxg6+ hxg6 37. Rh7+ Rg7 38. Rh8 g5 39. Bg3 Rg8 40. Rh7+ Rg7
41. Rh1 Bd7 42. f3 Bf8 43. Nb5 {'time' Black lost on time.} 1-0

[Event "Montreal op"]
[Site "Montreal CAN"]
[Date "2016.09.09"]
[Round "1.1"]
[White "Libersan, Thierry"]
[Black "Sambuev, Bator"]
[Result "0-1"]
[WhiteElo "2148"]
[BlackElo "2603"]
[PlyCount "80"]
[EventDate "2016.09.09"]
[EventType "swiss"]
[EventRounds "5"]
[EventCountry "CAN"]

1. Nf3 Nf6 2. c4 e6 3. g3 d5 4. Bg2 c5 5. cxd5 exd5 6. d4 Nc6 7. Nc3 Be7 8. O-O
O-O 9. h3 Re8 10. Be3 c4 11. Ne5 Bb4 12. Bg5 Bxc3 13. Nxc6 bxc6 14. bxc3 Bf5
15. Re1 h6 16. Bxf6 Qxf6 17. e4 dxe4 18. Re3 Qe6 19. g4 Bg6 20. Qe2 c5 21. Re1
cxd4 22. cxd4 Rac8 23. Bxe4 Bxe4 24. Rxe4 Qxe4 25. Qxe4 Rxe4 26. Rxe4 c3 27.
Re1 f5 28. gxf5 Kf7 29. Kg2 Kf6 30. Kf3 Kxf5 31. Re5+ Kf6 32. Re1 c2 33. Rc1
Ke6 34. Ke4 Rc3 35. d5+ Kd6 36. Kd4 Rc5 37. Kd3 Kxd5 38. Rxc2 Rxc2 39. Kxc2 Ke4
40. Kc3 g5 0-1

[Event "Montreal op"]
[Site "Montreal CAN"]
[Date "2016.09.10"]
[Round "2.1"]
[White "Sambuev, Bator"]
[Black "Tremblay, Rejean"]
[Result "1-0"]
[WhiteElo "2603"]
[BlackElo "2223"]
[PlyCount "103"]
[EventDate "2016.09.09"]
[EventType "swiss"]
[EventRounds "5"]
[EventCountry "CAN"]

1. Nf3 Nf6 2. c4 e6 3. Nc3 d5 4. d4 c6 5. Bg5 dxc4 6. e4 b5 7. e5 h6 8. Bh4 g5
9. Nxg5 hxg5 10. Bxg5 Nbd7 11. g3 Bb7 12. Bg2 Qb6 13. exf6 O-O-O 14. O-O c5 15.
d5 b4 16. Rb1 Qa6 17. Qe2 bxc3 18. dxe6 Bxg2 19. exd7+ Rxd7 20. Kxg2 Qc6+ 21.
Kg1 Rd5 22. Qg4+ Qd7 23. Qxd7+ Kxd7 24. Rfd1 Rxd1+ 25. Rxd1+ Kc6 26. bxc3 Bd6
27. Re1 Kd5 28. h4 Be5 29. Re3 Rg8 30. Kg2 a6 31. f4 Bd6 32. h5 a5 33. a4 Rh8
34. h6 Kc6 35. Kf3 Kd5 36. Kg4 Kc6 37. Kf5 Kd7 38. Re1 Bf8 39. g4 Bd6 40. Re7+
Bxe7 41. fxe7 Ke8 42. Kf6 Rh7 43. f5 Kd7 44. Be3 Ke8 45. g5 Kd7 46. Bxc5 Ke8
47. Bb6 Kd7 48. Bxa5 Ke8 49. Bb4 Kd7 50. a5 Ke8 51. a6 Kd7 52. a7 1-0

[Event "Montreal op"]
[Site "Montreal CAN"]
[Date "2016.09.10"]
[Round "3.1"]
[White "Vijayalakshmi, Subbaraman"]
[Black "Sambuev, Bator"]
[Result "1/2-1/2"]
[WhiteElo "2384"]
[BlackElo "2603"]
[PlyCount "118"]
[EventDate "2016.09.09"]
[EventType "swiss"]
[EventRounds "5"]
[EventCountry "CAN"]

1. d4 Nf6 2. c4 e6 3. Nc3 Bb4 4. Qc2 c5 5. dxc5 O-O 6. Nf3 Na6 7. a3 Bxc3+ 8.
Qxc3 Nxc5 9. b4 Nce4 10. Qd4 a5 11. b5 d6 12. Nd2 e5 13. Qb2 Be6 14. Qc2 Nxd2
15. Bxd2 Rc8 16. e4 Qb6 17. Rc1 Ng4 18. Bg5 f6 19. Bh4 g5 20. Bg3 h5 21. Be2 h4
22. h3 hxg3 23. Bxg4 Bxg4 24. hxg4 Kg7 25. Qe2 Qxb5 26. fxg3 Qc5 27. Qf3 Rh8
28. Rh5 Qg1+ 29. Kd2 Qd4+ 30. Ke1 d5 31. exd5 Rxh5 32. gxh5 g4 33. Qe2 Kf7 34.
Kf1 b5 35. c5 Qxd5 36. Qxb5 Rh8 37. Qc4 Qxc4+ 38. Rxc4 Rxh5 39. c6 Rh8 40. Rxg4
Ke6 41. Rc4 Kd6 42. c7 Rc8 43. Ra4 Rxc7 44. Rxa5 Rc2 45. Ra6+ Ke7 46. a4 Ra2
47. g4 Kf7 48. Ra8 Kg6 49. g3 Kg5 50. Rg8+ Kh6 51. Rh8+ Kg6 52. Rg8+ Kf7 53.
Ra8 Kg7 54. Kg1 Kg6 55. a5 Kg5 56. Rg8+ Kh6 57. Ra8 Kg5 58. Rg8+ Kh6 59. Ra8
Kg5 1/2-1/2

[Event "Montreal op"]
[Site "Montreal CAN"]
[Date "2016.09.11"]
[Round "5.3"]
[White "Neef, Maximilian"]
[Black "Sambuev, Bator"]
[Result "1/2-1/2"]
[WhiteElo "2442"]
[BlackElo "2603"]
[PlyCount "104"]
[EventDate "2016.09.09"]
[EventType "swiss"]
[EventRounds "5"]
[EventCountry "CAN"]

1. Nf3 d6 2. d4 g6 3. c4 Bg7 4. Nc3 Nf6 5. e4 O-O 6. h3 c5 7. d5 e6 8. Bd3 Na6
9. O-O Nc7 10. Re1 Rb8 11. Bf4 e5 12. Bg5 h6 13. Bd2 a6 14. Rb1 b5 15. cxb5
axb5 16. b4 c4 17. Bf1 Nh5 18. a4 Bd7 19. axb5 Nxb5 20. Nxb5 Bxb5 21. Re3 Nf4
22. g3 Nd3 23. Ne1 Nxe1 24. Qxe1 f5 25. Rc3 Qf6 26. Bxc4 fxe4 27. Be3 Qf5 28.
Kh2 h5 29. Bxb5 Rxb5 30. Qe2 Rfb8 31. Rc6 Bf8 32. Qc4 Qf7 33. Qxe4 Qf5 34. Qxf5
gxf5 35. Rc4 Kf7 36. Rc7+ Kf6 37. h4 Rxd5 38. Bg5+ Ke6 39. Rh7 Rdb5 40. Rxh5
Rxb4 41. Rxb4 Rxb4 42. Rh8 Kf7 43. h5 Rg4 44. f4 Kg7 45. Rh6 Be7 46. Re6 Bxg5
47. Rg6+ Kh7 48. fxg5 e4 49. Rh6+ Kg7 50. Rg6+ Kh7 51. Rh6+ Kg7 52. Rg6+ Kh7
1/2-1/2

[Event "Riedstra mem."]
[Site "Kitchener CAN"]
[Date "2016.03.12"]
[Round "1"]
[White "Sambuev, Bator"]
[Black "Hua, Eugene"]
[Result "1-0"]
[WhiteElo "2648"]
[BlackElo "2179"]
[PlyCount "85"]
[EventDate "2016.03.12"]
[EventType "swiss"]
[EventRounds "5"]
[EventCountry "CAN"]

1. Nf3 c5 2. c4 Nc6 3. Nc3 e5 4. e3 Nf6 5. Be2 d5 6. d4 cxd4 7. exd4 exd4 8.
Nxd4 Be7 9. cxd5 Nxd5 10. Nxc6 bxc6 11. Nxd5 Qxd5 12. Qxd5 cxd5 13. Bb5+ Bd7
14. Bxd7+ Kxd7 15. Be3 Bf6 16. O-O-O Kc6 17. Rd2 Rhd8 18. Rhd1 Rac8 19. Kb1 Rd7
20. Rd3 Rcd8 21. Rc1+ Kb7 22. Rc5 d4 23. Bd2 Re8 24. Kc2 Rc7 25. Rb3+ Kc8 26.
Rxc7+ Kxc7 27. Kd3 Kc6 28. Ra3 Kb6 29. Ra5 g6 30. b4 h5 31. Rd5 Kc6 32. Rc5+
Kb6 33. a4 a6 34. Bf4 Re7 35. Rd5 Bg7 36. Rd6+ Ka7 37. Rd8 Kb6 38. Rb8+ Kc6 39.
a5 Kd5 40. Rd8+ Kc6 41. Kc4 Rd7 42. Rb8 Rb7 43. Ra8 1-0

[Event "Gatineau op"]
[Site "Gatineau CAN"]
[Date "2016.03.05"]
[Round "2"]
[White "Groot-Lipman, Jeff"]
[Black "Sambuev, Bator"]
[Result "0-1"]
[WhiteElo "2081"]
[BlackElo "2586"]
[PlyCount "64"]
[EventDate "2016.03.04"]
[EventType "swiss"]
[EventRounds "5"]
[EventCountry "CAN"]

1. e4 e6 2. d4 d5 3. exd5 exd5 4. Bd3 Nc6 5. Nf3 Bg4 6. c3 Bd6 7. O-O Nge7 8.
Bg5 Qd7 9. Re1 f6 10. Bh4 O-O-O 11. Bg3 g5 12. Nbd2 Ng6 13. Bxd6 Qxd6 14. Qc2
Nce7 15. c4 Nf4 16. c5 Qd7 17. c6 Nxc6 18. Bb5 Bxf3 19. Nxf3 Qg4 20. Bf1 Nb4
21. Qd2 Nbd3 22. Kh1 Nxe1 23. Nxe1 Kb8 24. Rc1 Rhe8 25. f3 Qd7 26. g3 Ne6 27.
Bh3 Qe7 28. Nc2 h5 29. Nb4 Ng7 30. Qc2 Qxb4 31. Qxc7+ Ka8 32. Qxg7 Re1+ 0-1

[Event "Gatineau op"]
[Site "Gatineau CAN"]
[Date "2016.03.06"]
[Round "4"]
[White "Zhu, Hong Rui"]
[Black "Sambuev, Bator"]
[Result "0-1"]
[WhiteElo "2237"]
[BlackElo "2586"]
[PlyCount "62"]
[EventDate "2016.03.04"]
[EventType "swiss"]
[EventRounds "5"]
[EventCountry "CAN"]

1. e4 e5 2. Nf3 d6 3. d4 Nf6 4. dxe5 Nxe4 5. Nbd2 Nxd2 6. Bxd2 Be7 7. Bf4 d5 8.
Bd3 Bg4 9. O-O Nd7 10. c3 Nc5 11. Bb1 c6 12. Bg3 Ne4 13. Qd3 h5 14. Nd4 h4 15.
Bf4 h3 16. g3 Qb6 17. b4 c5 18. Nb5 Be6 19. f3 Nxg3 20. Bxg3 c4+ 21. Qd4 Qxb5
22. f4 f5 23. exf6 Bxf6 24. Bg6+ Kf8 25. Qd2 Bf7 26. f5 Rd8 27. Bf2 d4 28. Bxd4
Rxd4 29. cxd4 Qd5 30. Rf4 Bg5 31. Re1 Bxf4 0-1

[Event "Carnaval"]
[Site "Quebec CAN"]
[Date "2016.02.20"]
[Round "2"]
[White "Sambuev, Bator"]
[Black "Hamilton, Robert"]
[Result "1-0"]
[WhiteElo "2582"]
[BlackElo "2284"]
[PlyCount "87"]
[EventDate "2016.02.19"]
[EventType "swiss"]
[EventRounds "5"]
[EventCountry "CAN"]
[TimeControl "900+2"]

1. d4 Nf6 2. Nf3 e6 3. e3 b6 4. Bd3 Bb7 5. O-O Be7 6. c4 c5 7. Nc3 cxd4 8. exd4
d5 9. cxd5 Nxd5 10. Ne5 O-O 11. Qg4 f5 12. Qe2 Bf6 13. Bc4 Re8 14. Nxd5 Bxd5
15. Bf4 Nc6 16. Rfd1 Ne7 17. Bb5 Rf8 18. Ba6 Ng6 19. Nxg6 hxg6 20. Rac1 Bg5 21.
Bc7 Qe7 22. Rc3 Bf6 23. a3 g5 24. h3 Rac8 25. f4 gxf4 26. Bxf4 Rcd8 27. Bb5 Rc8
28. Kh2 Rxc3 29. bxc3 Qxa3 30. c4 Be4 31. c5 g6 32. c6 Qe7 33. Qc4 Rc8 34. c7
Bd5 35. Qc3 Bg5 36. Be5 Bf6 37. Bxf6 Qxf6 38. Ba6 Qg5 39. g3 Qh5 40. Rf1 g5 41.
g4 Qe8 42. Bxc8 Qxc8 43. gxf5 exf5 44. Rxf5 1-0

[Event "Carnaval"]
[Site "Quebec CAN"]
[Date "2016.02.20"]
[Round "3"]
[White "Zhou, Qiyu"]
[Black "Sambuev, Bator"]
[Result "0-1"]
[WhiteElo "2328"]
[BlackElo "2582"]
[PlyCount "84"]
[EventDate "2016.02.19"]
[EventType "swiss"]
[EventRounds "5"]
[EventCountry "CAN"]
[TimeControl "900+2"]

1. e4 d5 2. exd5 Qxd5 3. Nc3 Qa5 4. Bc4 Nf6 5. d3 c6 6. Nge2 g6 7. Bf4 Bg7 8.
Qd2 O-O 9. O-O Qb6 10. Rab1 Nbd7 11. Ng3 Qd8 12. Bh6 b5 13. Bb3 a5 14. a3 Nc5
15. Ba2 b4 16. Nce2 Qd6 17. Bxg7 Kxg7 18. Bc4 bxa3 19. bxa3 Be6 20. Bxe6 Nxe6
21. Qc3 Kg8 22. Rfe1 Rfd8 23. h3 Nd5 24. Qa1 f5 25. Nc3 Kf7 26. Nge2 Rab8 27.
Qa2 Rxb1 28. Rxb1 Nxc3 29. Nxc3 Kf6 30. Rb6 Nd4 31. Nd1 Qc5 32. Qb2 Kf7 33. Ne3
f4 34. Nc4 f3 35. Rb8 Ne2+ 36. Kf1 fxg2+ 37. Kxg2 Nf4+ 38. Kf1 Qh5 39. Ne3
Qxh3+ 40. Ke1 Qf3 41. Qb3+ Rd5 42. Kd2 Qxf2+ 0-1

[Event "RA Winter op"]
[Site "Ottawa CAN"]
[Date "2016.01.08"]
[Round "1"]
[White "Sambuev, Bator"]
[Black "Yao, Sammy"]
[Result "1-0"]
[WhiteElo "2599"]
[BlackElo "2083"]
[PlyCount "91"]
[EventDate "2016.01.08"]
[EventType "swiss"]
[EventRounds "5"]
[EventCountry "CAN"]

1. e4 c5 2. Nf3 e6 3. d4 cxd4 4. Nxd4 a6 5. f4 b5 6. Bd3 Bb7 7. Qe2 Nf6 8. Nd2
Nc6 9. Nxc6 Bxc6 10. Nf3 Bc5 11. Be3 Qb6 12. Bxc5 Qxc5 13. O-O-O Qb4 14. Rhe1
d5 15. c3 Qa4 16. Nd4 Bd7 17. e5 Ne4 18. Bxe4 dxe4 19. Kb1 Rc8 20. Nb3 Qc4 21.
Qg4 g6 22. Qh4 Qc7 23. Nd2 Bc6 24. Nxe4 Bxe4+ 25. Rxe4 Qc6 26. Red4 O-O 27. Qg5
a5 28. h4 b4 29. c4 h5 30. g4 Qf3 31. gxh5 Qxh5 32. Qxh5 gxh5 33. Rg1+ Kh7 34.
Kc2 Rg8 35. Rxg8 Kxg8 36. Kd3 Kg7 37. Rd7 Kg6 38. Kd4 a4 39. c5 b3 40. axb3
axb3 41. Kc4 f6 42. Rd6 Kf5 43. exf6 Kxf6 44. c6 Kf5 45. Kc5 Kxf4 46. Rxe6 1-0

[Event "RA Winter op"]
[Site "Ottawa CAN"]
[Date "2016.01.09"]
[Round "2"]
[White "Doubleday, William"]
[Black "Sambuev, Bator"]
[Result "0-1"]
[WhiteElo "2028"]
[BlackElo "2599"]
[PlyCount "30"]
[EventDate "2016.01.08"]
[EventType "swiss"]
[EventRounds "5"]
[EventCountry "CAN"]

1. d4 Nf6 2. c4 e6 3. Nc3 Bb4 4. e3 c5 5. Nge2 cxd4 6. exd4 d5 7. a3 Be7 8.
cxd5 Nxd5 9. Nxd5 exd5 10. g3 O-O 11. Bg2 Nc6 12. O-O Bf6 13. Nc3 Bxd4 14. Nxd5
Be6 15. Be3 Bxd5 0-1

[Event "RA Winter op"]
[Site "Ottawa CAN"]
[Date "2016.01.09"]
[Round "3"]
[White "Sambuev, Bator"]
[Black "Pacey, Kevin"]
[Result "1-0"]
[WhiteElo "2599"]
[BlackElo "2161"]
[PlyCount "95"]
[EventDate "2016.01.08"]
[EventType "swiss"]
[EventRounds "5"]
[EventCountry "CAN"]

1. e4 e5 2. Nf3 Nf6 3. Nxe5 d6 4. Nf3 Nxe4 5. Nc3 Nxc3 6. dxc3 Be7 7. Bf4 Nd7
8. Qd2 Nc5 9. O-O-O O-O 10. Be3 Ne4 11. Qd4 Ng5 12. Nxg5 Bxg5 13. Bxg5 Qxg5+
14. f4 Qa5 15. a3 Bg4 16. Re1 Rae8 17. Bd3 Bf5 18. Bxf5 Qxf5 19. Qxa7 Qxf4+ 20.
Kb1 Rxe1+ 21. Rxe1 Qd2 22. Qg1 Qg5 23. Qf2 h6 24. Re4 Qh5 25. g4 Qd5 26. Qe2 f5
27. gxf5 Qxf5 28. Ka2 Qf7+ 29. c4 Qf2 30. Qd3 Kh8 31. Re7 Rf7 32. Re8+ Rf8 33.
Qe4 Rxe8 34. Qxe8+ Kh7 35. Qe4+ Kh8 36. Qxb7 Qxh2 37. Qc8+ Kh7 38. Qf5+ Kh8 39.
a4 Qd2 40. a5 c5 41. c3 Qd1 42. Qd7 Qf1 43. Qe8+ Kh7 44. Qe4+ Kh8 45. a6 Qf7
46. Qd5 Qe8 47. Kb3 Qe7 48. Qb7 1-0

[Event "RA Winter op"]
[Site "Ottawa CAN"]
[Date "2016.01.09"]
[Round "4"]
[White "Sadeghi, Saeid"]
[Black "Sambuev, Bator"]
[Result "0-1"]
[WhiteElo "2098"]
[BlackElo "2599"]
[PlyCount "40"]
[EventDate "2016.01.08"]
[EventType "swiss"]
[EventRounds "5"]
[EventCountry "CAN"]

1. d4 Nf6 2. Bg5 Ne4 3. Bf4 c5 4. d5 Qb6 5. Qc1 e6 6. f3 Nf6 7. dxe6 fxe6 8. e4
Be7 9. Bd3 O-O 10. Ne2 Nc6 11. c3 Nh5 12. Be3 Bh4+ 13. Kf1 Ne5 14. Bc2 d5 15.
b4 Qa6 16. Bxc5 Bd7 17. a4 Nxf3 18. b5 Nd4+ 19. Bxf8 Rxf8+ 20. Kg1 Nxe2# 0-1

[Event "RA Winter op"]
[Site "Ottawa CAN"]
[Date "2016.01.10"]
[Round "5"]
[White "Sambuev, Bator"]
[Black "Wiebe, Isaac"]
[Result "1-0"]
[WhiteElo "2599"]
[BlackElo "2171"]
[PlyCount "121"]
[EventDate "2016.01.08"]
[EventType "swiss"]
[EventRounds "5"]
[EventCountry "CAN"]

1. e4 c5 2. Nf3 e6 3. d4 cxd4 4. Nxd4 a6 5. f4 b5 6. Bd3 Bb7 7. Be3 Nf6 8. Nd2
Nc6 9. Nxc6 Bxc6 10. O-O Be7 11. Bd4 d6 12. Qe1 Qc7 13. Qg3 g6 14. Rae1 Nh5 15.
Qf2 O-O 16. e5 Qb7 17. Ne4 Bxe4 18. Rxe4 d5 19. Re3 Ng7 20. Qe2 Rac8 21. g4 f5
22. exf6 Bxf6 23. Be5 Bxe5 24. Rxe5 Rf7 25. Qe3 Qa7 26. Qxa7 Rxa7 27. Kf2 Rf7
28. Ke3 Rcf8 29. c3 Rb7 30. Be2 a5 31. Rd1 Kf7 32. Rd4 h5 33. h3 Rh8 34. Kf2
Kf6 35. Bf3 Rc7 36. Kg3 Rc4 37. Be2 Rxd4 38. cxd4 b4 39. Bd3 hxg4 40. hxg4 Ne8
41. Re1 Nd6 42. g5+ Kf7 43. Bxg6+ Kxg6 44. Rxe6+ Kf5 45. Rxd6 Ke4 46. Re6+ Kxd4
47. g6 Kc4 48. g7 Rg8 49. Re7 d4 50. f5 d3 51. Rd7 a4 52. f6 a3 53. bxa3 bxa3
54. Kf4 Kc3 55. Kf5 d2 56. Kg6 Ra8 57. f7 Ra6+ 58. Kh7 Ra7 59. f8=Q Rxd7 60.
Qc8+ Kb2 61. Qxd7 1-0

[Event "Pere Noel"]
[Site "Montreal CAN"]
[Date "2015.12.26"]
[Round "1.1"]
[White "Sambuev, Bator"]
[Black "Li, Yi Lin"]
[Result "1-0"]
[WhiteElo "2567"]
[BlackElo "2010"]
[PlyCount "49"]
[EventDate "2015.12.26"]
[EventType "swiss"]
[EventRounds "5"]
[EventCountry "CAN"]

1. e4 c5 2. Nf3 d6 3. d4 cxd4 4. Nxd4 Nf6 5. Nc3 e6 6. f4 a6 7. Bd3 b5 8. a3
Nbd7 9. O-O Bb7 10. Kh1 Qc7 11. Qe1 Be7 12. Bd2 Nb6 13. Qe2 d5 14. e5 Nfd7 15.
f5 Nc5 16. fxe6 fxe6 17. Qh5+ Kd7 18. b4 Nxd3 19. cxd3 Qd8 20. Qg4 Qg8 21. h4
Re8 22. Rac1 h5 23. Qg6 Bxh4 24. Rf7+ Re7 25. Qxe6+ 1-0

[Event "Pere Noel"]
[Site "Montreal CAN"]
[Date "2015.12.27"]
[Round "2.1"]
[White "Landry, Sylvain"]
[Black "Sambuev, Bator"]
[Result "0-1"]
[WhiteElo "2059"]
[BlackElo "2567"]
[PlyCount "58"]
[EventDate "2015.12.26"]
[EventType "swiss"]
[EventRounds "5"]
[EventCountry "CAN"]

1. e4 c5 2. Nf3 d6 3. d4 cxd4 4. Nxd4 Nf6 5. Nc3 g6 6. Be2 Bg7 7. O-O O-O 8.
Bg5 Nc6 9. Nb3 a6 10. a4 Be6 11. Kh1 Rc8 12. f4 Na5 13. f5 Bxb3 14. cxb3 Rxc3
15. Bxf6 Rxb3 16. Bxg7 Kxg7 17. f6+ exf6 18. Qd4 Nc6 19. Qd2 Rb4 20. Ra3 Rxe4
21. Rh3 h5 22. Rd3 Qa5 23. Rc3 Ne5 24. Bd1 d5 25. Qc2 Rd8 26. h3 Rc4 27. Qf2
Rd6 28. Rb3 Qc7 29. a5 d4 0-1

[Event "Pere Noel"]
[Site "Montreal CAN"]
[Date "2015.12.28"]
[Round "3.1"]
[White "Sambuev, Bator"]
[Black "Larochelle, Martial"]
[Result "1-0"]
[WhiteElo "2367"]
[BlackElo "2112"]
[PlyCount "75"]
[EventDate "2015.12.26"]
[EventType "swiss"]
[EventRounds "5"]
[EventCountry "CAN"]

1. Nf3 Nf6 2. c4 c6 3. d4 d5 4. e3 Bf5 5. Nc3 e6 6. Nh4 Bg6 7. Nxg6 hxg6 8. g3
Nbd7 9. Bg2 dxc4 10. Qe2 Nb6 11. O-O Be7 12. Rd1 Qc7 13. a4 a5 14. e4 e5 15.
dxe5 Qxe5 16. Be3 Bc5 17. Bxc5 Qxc5 18. e5 Nfd5 19. Ne4 Qe7 20. Nd6+ Kf8 21.
Nxc4 Nxc4 22. Qxc4 Nc7 23. Ra3 Re8 24. Rad3 Qxe5 25. Qb3 Ne6 26. Rd7 Qf5 27.
Rxb7 Nc5 28. g4 Qf4 29. Qa3 Qxh2+ 30. Kf1 Qe5 31. Rc1 Kg8 32. Qxc5 Qe2+ 33. Kg1
Qxg4 34. Qxc6 Kh7 35. Rxf7 Rc8 36. Rc7 Rxc7 37. Qxc7 Qxa4 38. Qh2+ 1-0

[Event "Pere Noel"]
[Site "Montreal CAN"]
[Date "2015.12.30"]
[Round "5.1"]
[White "Sambuev, Bator"]
[Black "Yu, Zong Yang"]
[Result "1-0"]
[WhiteElo "2567"]
[BlackElo "2383"]
[PlyCount "76"]
[EventDate "2015.12.26"]
[EventType "swiss"]
[EventRounds "5"]
[EventCountry "CAN"]

1. Nf3 Nf6 2. c4 e6 3. Nc3 Bb4 4. g4 h6 5. Rg1 c5 6. h4 d5 7. g5 hxg5 8. hxg5
Ne4 9. Qc2 Bxc3 10. dxc3 Qc7 11. Be3 Bd7 12. Nd2 Nxd2 13. Qxd2 Bc6 14. cxd5
Bxd5 15. Bf4 Qa5 16. f3 Nd7 17. e4 Bc6 18. b4 Qa4 19. Qd6 cxb4 20. cxb4 Qa3 21.
Be2 Nf8 22. b5 Qa5+ 23. Qd2 Qxd2+ 24. Kxd2 Bd7 25. Bd6 Rd8 26. Ke3 Ng6 27. e5
Ne7 28. Rh1 Rg8 29. Bd3 Rc8 30. Rac1 Rxc1 31. Rxc1 Rh8 32. Be4 Rh2 33. Rc7 Rxa2
34. Rxb7 Nc8 35. Kd3 Ra5 36. Bc6 Bxc6 37. bxc6 Nxd6 38. exd6 Rd5+ 1-0

[Event "RA November op"]
[Site "Ottawa CAN"]
[Date "2015.11.27"]
[Round "1"]
[White "Sambuev, Bator"]
[Black "Yao, Sammy"]
[Result "1-0"]
[WhiteElo "2599"]
[BlackElo "2083"]
[PlyCount "83"]
[EventDate "2015.11.27"]
[EventType "swiss"]
[EventRounds "5"]
[EventCountry "CAN"]

1. e4 c5 2. Nf3 Nc6 3. Bb5 g6 4. O-O Bg7 5. Re1 Nf6 6. e5 Nd5 7. Nc3 Nc7 8. d3
Nxb5 9. Nxb5 O-O 10. Bg5 a6 11. Nd6 Qc7 12. Nc4 b5 13. Ne3 Bb7 14. Nd5 Qd8 15.
Qd2 f6 16. exf6 exf6 17. Bh6 Rf7 18. Bxg7 Kxg7 19. Qe3 Nd4 20. Nxd4 Bxd5 21.
Ne2 Qe7 22. Nf4 Qxe3 23. Rxe3 Bc6 24. Rae1 a5 25. f3 a4 26. Kf2 b4 27. d4 cxd4
28. Rd3 Bb5 29. Rxd4 Rc8 30. Rc1 Rc4 31. Rxc4 Bxc4 32. b3 axb3 33. cxb3 Be6 34.
Rc7 Bf5 35. Nd5 Rf8 36. Nxb4 Be6 37. Ke3 Rb8 38. Na6 Ra8 39. Nc5 Kf7 40. Nxd7
Bxd7 41. Rxd7+ Ke6 42. Rd2 1-0